[Event "24. Copenhagen Open  (Politiken Cup)"]
[Site "Copenhagen"]
[Date "2002.07.25"]
[Round "10"]
[White "Lie, Terje"]
[Black "Rasmussen, Poul"]
[Result "0-1"]
[WhiteElo "1913"]
[BlackElo "1428"]
[PlyCount "82"]
[EventDate "2002.07.15"]
[EventType "swiss"]
[EventRounds "11"]
[EventCountry "DEN"]
[SourceDate "2004.01.01"]

1. d4 d5 2. c4 e6 3. Nc3 Nf6 4. cxd5 exd5 5. Bg5 Be7 6. e3 O-O 7. Qc2 c6 8. Bd3
h6 9. Bh4 Re8 10. Nge2 Nbd7 11. O-O Nf8 12. f3 Bd7 13. Rfd1 N6h7 14. Bxe7 Qxe7
15. e4 Nf6 16. e5 N6h7 17. f4 f6 18. Bg6 Nxg6 19. Qxg6 Nf8 20. Qh5 Qe6 21. Ng3
Qg4 22. h3 Qxh5 23. Nxh5 fxe5 24. fxe5 Ne6 25. Rd3 Rf8 26. Rg3 Kh7 27. Ne2 Be8
28. Nxg7 Nxg7 29. Rf3 Rxf3 30. gxf3 Bd7 31. Kh2 Rf8 32. Rf1 Nf5 33. Re1 Ng7 34.
Kg2 Be6 35. f4 Nf5 36. Kf3 Rg8 37. Rh1 Nh4+ 38. Kf2 Rg2+ 39. Kf1 Bf5 40. a3 Bd3
41. f5 Bxe2+ 0-1

[Event "24. Copenhagen Open  (Politiken Cup)"]
[Site "Copenhagen"]
[Date "2002.07.25"]
[Round "10"]
[White "Lilja, Richard"]
[Black "Molvig, Henrik"]
[Result "0-1"]
[WhiteElo "2123"]
[BlackElo "2237"]
[PlyCount "44"]
[EventDate "2002.07.15"]
[EventType "swiss"]
[EventRounds "11"]
[EventCountry "DEN"]
[SourceDate "2004.01.01"]

1. e4 c5 2. Nc3 d6 3. f4 g6 4. d4 cxd4 5. Qxd4 Nf6 6. Bb5+ Nc6 7. Nf3 Bg7 8. h3
O-O 9. Qf2 Nxe4 10. Nxe4 Qa5+ 11. c3 Qxb5 12. g4 f5 13. Ng3 e5 14. gxf5 exf4
15. Ne2 Bxf5 16. O-O Bxh3 17. Rd1 Bg4 18. Ned4 Qh5 19. Rd3 Ne5 20. Nxe5 dxe5
21. Nb5 e4 22. Nc7 exd3 0-1

[Event "24. Copenhagen Open  (Politiken Cup)"]
[Site "Copenhagen"]
[Date "2002.07.25"]
[Round "10"]
[White "Lonborg, Morten"]
[Black "Hansen, Martin Holmegaard"]
[Result "1-0"]
[WhiteElo "2152"]
[BlackElo "1926"]
[PlyCount "77"]
[EventDate "2002.07.15"]
[EventType "swiss"]
[EventRounds "11"]
[EventCountry "DEN"]
[SourceDate "2004.01.01"]

1. d4 e6 2. c4 Bb4+ 3. Bd2 Qe7 4. Nf3 Nc6 5. a3 Bxd2+ 6. Qxd2 a5 7. Nc3 d6 8.
e4 Nf6 9. Bd3 e5 10. Bc2 O-O 11. Nd5 Nxd5 12. cxd5 Nxd4 13. Nxd4 exd4 14. Qxd4
Qg5 15. g3 Bh3 16. f4 Qg4 17. Bd1 Qd7 18. Bf3 c5 19. dxc6 Qxc6 20. Rd1 f5 21.
Kf2 Qc5 22. Qxc5 dxc5 23. e5 Bg4 24. Bxb7 Bxd1 25. Bxa8 Rxa8 26. Rxd1 Rb8 27.
Rd2 Rb3 28. Ke2 c4 29. Rc2 Kf7 30. Kd2 Rf3 31. Rxc4 Rf2+ 32. Kc3 Rxh2 33. Rc7+
Ke6 34. Rxg7 h5 35. b4 axb4+ 36. axb4 Kd5 37. Kd3 Rh3 38. Rg6 h4 39. Rd6# 1-0

[Event "24. Copenhagen Open  (Politiken Cup)"]
[Site "Copenhagen"]
[Date "2002.07.25"]
[Round "10"]
[White "Manley, Christian"]
[Black "Rasmussen, Henning"]
[Result "0-1"]
[WhiteElo "1469"]
[BlackElo "1743"]
[PlyCount "78"]
[EventDate "2002.07.15"]
[EventType "swiss"]
[EventRounds "11"]
[EventCountry "DEN"]
[SourceDate "2004.01.01"]

1. d4 f5 2. c4 Nf6 3. Nc3 e6 4. Nf3 d5 5. Bg5 Be7 6. Bxf6 Bxf6 7. cxd5 exd5 8.
Qa4+ c6 9. g3 O-O 10. e3 Nd7 11. Qb3 Qb6 12. Qxb6 Nxb6 13. Rc1 Be6 14. Nd2 Be7
15. Bg2 Rae8 16. Ne2 Bb4 17. a3 Bd6 18. Nf4 g5 19. Nxe6 Rxe6 20. Bh3 Re7 21.
Ke2 g4 22. Bf1 h5 23. Kd3 Nd7 24. b4 a6 25. Bg2 Nf6 26. Rhf1 Ne4 27. Bxe4 fxe4+
28. Nxe4 dxe4+ 29. Ke2 Ref7 30. Rb1 Rf5 31. a4 R8f7 32. Rb2 h4 33. Rbb1 hxg3
34. hxg3 Rh5 35. Ke1 Bxg3 36. Rd1 Bd6 37. Rb1 g3 38. Rb2 g2 39. Rg1 Rh1 0-1

[Event "24. Copenhagen Open  (Politiken Cup)"]
[Site "Copenhagen"]
[Date "2002.07.25"]
[Round "10"]
[White "Nielsen, Jorgen Kamp"]
[Black "Hansen, Erik Friberg"]
[Result "1/2-1/2"]
[WhiteElo "1400"]
[BlackElo "1165"]
[PlyCount "103"]
[EventDate "2002.07.15"]
[EventType "swiss"]
[EventRounds "11"]
[EventCountry "DEN"]
[SourceDate "2004.01.01"]

1. e4 c5 2. Nf3 Nc6 3. d4 cxd4 4. c3 dxc3 5. Nxc3 e5 6. Nd5 Nf6 7. Bg5 Be7 8.
Bxf6 Bxf6 9. b4 a6 10. Bc4 b5 11. Bb3 O-O 12. O-O d6 13. Nxf6+ Qxf6 14. Bd5 Bb7
15. Qb3 Rac8 16. a4 Ba8 17. axb5 axb5 18. Qe3 Nxb4 19. Bxa8 Rxa8 20. Rxa8 Rxa8
21. Qc3 Na6 22. Qc6 Qd8 23. Qxb5 Nc7 24. Qb3 Rb8 25. Qd3 h6 26. Rd1 Ne8 27.
Nxe5 Rc8 28. Nc4 Kf8 29. e5 d5 30. Ne3 Nc7 31. g3 Qe7 32. f4 Rd8 33. Qh7 Qe6
34. Qh8+ Ke7 35. Qxg7 d4 36. f5 Qb3 37. f6+ Kd7 38. Rxd4+ Kc8 39. Rxd8+ Kxd8
40. Qxh6 Ne6 41. Kg2 Qb2+ 42. Kh3 Qxe5 43. Qh8+ Kd7 44. Ng4 Ng5+ 45. Kg2 Qe4+
46. Kf1 Qxg4 47. Qa8 Qf5+ 48. Ke2 Qe5+ 49. Kd1 Qxf6 50. Qb7+ Ke8 51. Qb8+ Ke7
52. Qb7+ 1/2-1/2

[Event "24. Copenhagen Open  (Politiken Cup)"]
[Site "Copenhagen"]
[Date "2002.07.25"]
[Round "10"]
[White "Nielsen, Michael"]
[Black "Spanton, Timothy"]
[Result "1-0"]
[WhiteElo "2086"]
[BlackElo "2008"]
[PlyCount "59"]
[EventDate "2002.07.15"]
[EventType "swiss"]
[EventRounds "11"]
[EventCountry "DEN"]
[SourceDate "2004.01.01"]

1. e4 c5 2. Nf3 g6 3. d4 cxd4 4. Nxd4 Nc6 5. Nc3 Bg7 6. Be3 Nf6 7. Bc4 O-O 8.
Bb3 b6 9. f3 Bb7 10. Qd2 Rc8 11. O-O-O Ne5 12. h4 Nc4 13. Bxc4 Rxc4 14. h5 Nxh5
15. g4 Nf6 16. Nde2 Qc7 17. Bf4 d6 18. Bh6 Rc8 19. Bxg7 Kxg7 20. Qh6+ Kg8 21.
Kb1 Rb4 22. Ka1 d5 23. exd5 Ba6 24. Nd4 Rxb2 25. Nf5 gxf5 26. gxf5 Rxa2+ 27.
Nxa2 Qe5+ 28. Kb1 Rc4 29. Rdg1+ Ng4 30. Rxg4+ 1-0

[Event "24. Copenhagen Open  (Politiken Cup)"]
[Site "Copenhagen"]
[Date "2002.07.25"]
[Round "10"]
[White "Norton, Craig"]
[Black "Skjoldan, Benjamin"]
[Result "1-0"]
[WhiteElo "1832"]
[BlackElo "2024"]
[PlyCount "55"]
[EventDate "2002.07.15"]
[EventType "swiss"]
[EventRounds "11"]
[EventCountry "DEN"]
[SourceDate "2004.01.01"]

1. d4 Nf6 2. Nf3 g6 3. Nc3 d5 4. Bf4 Bg7 5. e3 O-O 6. Be2 c5 7. Ne5 b6 8. h4 h5
9. g4 hxg4 10. Nxg4 Nxg4 11. Bxg4 f5 12. Bf3 e6 13. Qd2 Bb7 14. O-O-O Kf7 15.
Rdg1 Bf6 16. Nb5 Qd7 17. Nc7 Qa4 18. Kb1 cxd4 19. h5 g5 20. Bxg5 Na6 21. Nxa8
dxe3 22. fxe3 Bxg5 23. Rxg5 Bxa8 24. Rhg1 Nc5 25. Rg7+ Ke8 26. h6 Qh4 27. h7
Nd7 28. Rh1 1-0

[Event "24. Copenhagen Open  (Politiken Cup)"]
[Site "Copenhagen"]
[Date "2002.07.25"]
[Round "10"]
[White "Opstrup, Niels"]
[Black "Hein, Jacob"]
[Result "0-1"]
[WhiteElo "1196"]
[BlackElo "1305"]
[PlyCount "62"]
[EventDate "2002.07.15"]
[EventType "swiss"]
[EventRounds "11"]
[EventCountry "DEN"]
[SourceDate "2004.01.01"]

1. d4 Nf6 2. c4 c5 3. e3 g6 4. Nc3 cxd4 5. exd4 Bg7 6. Bg5 O-O 7. Be2 d5 8. Nf3
Ne4 9. O-O Nxg5 10. Nxg5 e5 11. Nf3 exd4 12. Nxd4 dxc4 13. Ndb5 Na6 14. Bxc4
Qh4 15. Qe2 Bd7 16. Nd6 Bg4 17. Qe4 Nc5 18. Qe3 Ne6 19. f3 Bd4 20. Qxd4 Nxd4
21. fxg4 Qxg4 22. Bxf7+ Kg7 23. Rae1 Nc2 24. Re7 Qd4+ 25. Kh1 Qxd6 26. Rxb7 Ne3
27. Bb3+ Kh6 28. Re1 Qc6 29. Bd5 Nxd5 30. Rb3 Rae8 31. Rd1 Ne3 0-1

[Event "24. Copenhagen Open  (Politiken Cup)"]
[Site "Copenhagen"]
[Date "2002.07.25"]
[Round "10"]
[White "Pedersen, Kaj Vinding"]
[Black "Andreasen, Bjarke"]
[Result "0-1"]
[WhiteElo "1529"]
[BlackElo "1616"]
[PlyCount "64"]
[EventDate "2002.07.15"]
[EventType "swiss"]
[EventRounds "11"]
[EventCountry "DEN"]
[SourceDate "2004.01.01"]

1. d4 d5 2. Nf3 Nf6 3. g3 c5 4. c3 cxd4 5. cxd4 Nc6 6. Bg2 Bf5 7. a3 e6 8. Bg5
Qa5+ 9. Bd2 Qb6 10. Bc3 Rc8 11. O-O Bd6 12. e3 O-O 13. Re1 Ne4 14. Qc1 Rc7 15.
Nh4 Bg6 16. Nxg6 hxg6 17. Bxe4 dxe4 18. Nd2 Na5 19. Nxe4 Nb3 20. Qd1 Nxa1 21.
Nxd6 Qxd6 22. Qxa1 Rfc8 23. Rc1 b5 24. Qb1 a5 25. Bd2 Rxc1+ 26. Bxc1 b4 27. Bd2
bxa3 28. Bxa5 Qd5 29. Bc3 a2 30. Qa1 Qb3 31. Bd2 Rc2 32. Bc1 Qc4 0-1

[Event "24. Copenhagen Open  (Politiken Cup)"]
[Site "Copenhagen"]
[Date "2002.07.25"]
[Round "10"]
[White "Petersen, Nils"]
[Black "Nielsen, Max"]
[Result "0-1"]
[WhiteElo "2035"]
[BlackElo "2246"]
[PlyCount "80"]
[EventDate "2002.07.15"]
[EventType "swiss"]
[EventRounds "11"]
[EventCountry "DEN"]
[SourceDate "2004.01.01"]

1. c4 e5 2. Nc3 Nf6 3. Nf3 Nc6 4. d4 exd4 5. Nxd4 Bb4 6. Bg5 h6 7. Bh4 Bxc3+ 8.
bxc3 O-O 9. e3 Ne5 10. Be2 Ng6 11. Bg3 Ne4 12. Qc2 Re8 13. O-O d6 14. Rfd1 Qf6
15. Bd3 Nxg3 16. Bxg6 fxg6 17. hxg3 b6 18. Re1 Qf7 19. Qd3 Ba6 20. Nb5 Re5 21.
Reb1 Bb7 22. f3 Rf8 23. e4 Bxe4 24. Qf1 Bxb1 25. Rxb1 Rc5 26. Rb4 a5 27. Ra4
Re8 28. Qd3 Qe6 29. Qd2 Rxc4 30. Rxc4 Qxc4 31. Nd4 c5 32. Nc6 Qe6 33. c4 Qe1+
34. Qxe1 Rxe1+ 35. Kf2 Rc1 36. Ne7+ Kf8 37. Nc8 Rxc4 38. Nxb6 Rc2+ 39. Ke3 Rxa2
40. g4 Rxg2 0-1

[Event "24. Copenhagen Open  (Politiken Cup)"]
[Site "Copenhagen"]
[Date "2002.07.25"]
[Round "10"]
[White "Preuss, Flemming"]
[Black "Roeder, Peter Ulrik"]
[Result "1/2-1/2"]
[WhiteElo "2063"]
[BlackElo "2174"]
[PlyCount "91"]
[EventDate "2002.07.15"]
[EventType "swiss"]
[EventRounds "11"]
[EventCountry "DEN"]
[SourceDate "2004.01.01"]

1. e4 c5 2. Nf3 d6 3. d4 cxd4 4. Qxd4 Bd7 5. c4 Nc6 6. Qd2 Nf6 7. Nc3 g6 8. b3
Bg7 9. Bb2 O-O 10. Be2 Qa5 11. Rb1 Bg4 12. O-O a6 13. a3 Rab8 14. b4 Qh5 15. b5
Bh6 16. Qc2 Bf4 17. Rfd1 Ne5 18. Nd5 Nxf3+ 19. Bxf3 Qxh2+ 20. Kf1 Qh1+ 21. Ke2
Qxg2 22. Nxe7+ Kg7 23. Qd3 Bxf3+ 24. Qxf3 Qxf3+ 25. Kxf3 Be5 26. Rxd6 Bxd6 27.
Nd5 Rbe8 28. Nxf6 Be5 29. Nxe8+ Rxe8 30. Bxe5+ Rxe5 31. bxa6 bxa6 32. Rc1 Kf6
33. Ke3 Ke6 34. f4 Rh5 35. Kd4 Kd6 36. Rb1 Kc6 37. Rb8 Rh4 38. Ke5 f6+ 39. Kxf6
Rxf4+ 40. Ke5 Rf3 41. Rc8+ Kd7 42. Rg8 Rxa3 43. Rg7+ Kc6 44. Rxh7 a5 45. Rg7
Kc5 46. Rxg6 1/2-1/2

[Event "24. Copenhagen Open  (Politiken Cup)"]
[Site "Copenhagen"]
[Date "2002.07.25"]
[Round "10"]
[White "Rasmussen, Bent"]
[Black "Thestrup, Sixten"]
[Result "0-1"]
[WhiteElo "1658"]
[BlackElo "1430"]
[PlyCount "56"]
[EventDate "2002.07.15"]
[EventType "swiss"]
[EventRounds "11"]
[EventCountry "DEN"]
[SourceDate "2004.01.01"]

1. d4 f5 2. c4 g6 3. Nc3 Nf6 4. g3 Bg7 5. Bg2 O-O 6. e4 fxe4 7. Nxe4 Nxe4 8.
Bxe4 d6 9. Ne2 Nd7 10. O-O e5 11. Be3 Nf6 12. Bg2 Ng4 13. Qb3 Nxe3 14. fxe3
exd4 15. Bd5+ Kh8 16. Rxf8+ Qxf8 17. Rf1 Qe7 18. Nxd4 c6 19. Rf7 Qe8 20. Rxg7
Kxg7 21. Ne6+ Bxe6 22. Bxe6 Qe7 23. Bh3 Re8 24. e4 b6 25. Bg2 Rf8 26. Qc2 Qf6
27. Qd2 Qe5 28. a3 Qc5+ 0-1

[Event "24. Copenhagen Open  (Politiken Cup)"]
[Site "Copenhagen"]
[Date "2002.07.25"]
[Round "10"]
[White "Raunkjar, Jonas"]
[Black "Hau, Helge"]
[Result "1-0"]
[WhiteElo "1702"]
[BlackElo "1503"]
[PlyCount "87"]
[EventDate "2002.07.15"]
[EventType "swiss"]
[EventRounds "11"]
[EventCountry "DEN"]
[SourceDate "2004.01.01"]

1. e4 g6 2. d4 e6 3. Be3 a6 4. Bd3 d5 5. e5 Nc6 6. c3 Bg7 7. Nf3 h6 8. Nbd2
Nge7 9. Nf1 Nf5 10. Bd2 Bd7 11. Qc2 Na5 12. h4 Bb5 13. Bxb5+ axb5 14. b3 Qd7
15. Ne3 Nc6 16. Nxf5 gxf5 17. Qd3 Ne7 18. Ng1 f6 19. f4 h5 20. Ne2 Ng6 21. Ng3
O-O-O 22. Qe2 fxe5 23. dxe5 d4 24. Nxh5 d3 25. Qf3 Rhg8 26. Nxg7 Qxg7 27. a4 b4
28. cxb4 Ne7 29. Kf2 Qg4 30. Qxg4 Rxg4 31. g3 Rdg8 32. Rhg1 Nd5 33. Rac1 Rd8
34. Rc4 Nb6 35. Rc5 Nd5 36. a5 Kb8 37. Rc4 c6 38. Rd4 Kc7 39. Kf3 b6 40. Rxd3
c5 41. Be3 cxb4 42. Bxb6+ Nxb6 43. axb6+ Kc8 44. Rc1+ 1-0

[Event "24. Copenhagen Open  (Politiken Cup)"]
[Site "Copenhagen"]
[Date "2002.07.25"]
[Round "10"]
[White "Rorvik, Jon F"]
[Black "Mathiesen, Erik"]
[Result "1/2-1/2"]
[WhiteElo "2168"]
[BlackElo "1958"]
[PlyCount "111"]
[EventDate "2002.07.15"]
[EventType "swiss"]
[EventRounds "11"]
[EventCountry "DEN"]
[SourceDate "2004.01.01"]

1. c4 e5 2. Nc3 f5 3. g3 Nf6 4. Bg2 d6 5. e3 Be7 6. Nge2 O-O 7. d4 c6 8. O-O
Be6 9. b3 Qc7 10. Bb2 Bf7 11. Rc1 a6 12. Qd2 Nbd7 13. e4 Nxe4 14. Nxe4 fxe4 15.
Bxe4 Bh5 16. Qd3 Nf6 17. Bg2 Bg6 18. Qc3 Rae8 19. f4 Nd7 20. Rce1 Bf6 21. Qd2
exd4 22. Bxd4 Be4 23. Bh3 d5 24. Nc3 Bxd4+ 25. Qxd4 Nf6 26. cxd5 Bxd5 27. Nxd5
cxd5 28. Bg2 Rd8 29. Re2 Rd6 30. Rfe1 Rfd8 31. g4 Qb6 32. Qxb6 Rxb6 33. g5 Nh5
34. f5 Nf4 35. Re8+ Rxe8 36. Rxe8+ Kf7 37. Rd8 Ke7 38. Rh8 h6 39. f6+ Kf7 40.
fxg7 Kxg7 41. Rxh6 Rxh6 42. gxh6+ Kxh6 43. Kf2 Kg5 44. Bf1 d4 45. Kf3 Kf5 46.
a4 a5 47. Bb5 b6 48. Ba6 Ke5 49. h4 d3 50. Ke3 Ng2+ 51. Kxd3 Nxh4 52. Kc4 Kd6
53. Bb7 Ng6 54. b4 axb4 55. Kxb4 Ne5 56. Kb5 1/2-1/2

[Event "24. Copenhagen Open  (Politiken Cup)"]
[Site "Copenhagen"]
[Date "2002.07.25"]
[Round "10"]
[White "Rosenkilde, Alexander"]
[Black "Jensen, Alexander Lindberg"]
[Result "1-0"]
[WhiteElo "1639"]
[BlackElo "1342"]
[PlyCount "43"]
[EventDate "2002.07.15"]
[EventType "swiss"]
[EventRounds "11"]
[EventCountry "DEN"]
[SourceDate "2004.01.01"]

1. e4 d5 2. exd5 Qxd5 3. Nc3 Qa5 4. d4 c6 5. Bc4 Bf5 6. Nf3 Nf6 7. Bd2 e6 8. d5
cxd5 9. Nxd5 Qd8 10. Nxf6+ Qxf6 11. Bg5 Bb4+ 12. Kf1 Bxc2 13. Qxc2 Qf5 14. Qxf5
exf5 15. a3 Ba5 16. b4 Bc7 17. Re1+ Kf8 18. Re7 Bd6 19. Rxf7+ Ke8 20. g3 h6 21.
Bf4 Bxf4 22. gxf4 1-0

[Event "24. Copenhagen Open  (Politiken Cup)"]
[Site "Copenhagen"]
[Date "2002.07.25"]
[Round "10"]
[White "Rossen, Claus"]
[Black "Bjerke, Silje"]
[Result "1-0"]
[WhiteElo "2185"]
[BlackElo "2064"]
[PlyCount "47"]
[EventDate "2002.07.15"]
[EventType "swiss"]
[EventRounds "11"]
[EventCountry "DEN"]
[SourceDate "2004.01.01"]

1. d4 d5 2. Nf3 c6 3. c4 e6 4. g3 dxc4 5. Bg2 b5 6. O-O Bb7 7. Nc3 Nd7 8. e4
Ngf6 9. d5 b4 10. dxe6 fxe6 11. Ne2 Nc5 12. Ned4 Qe7 13. Qc2 g6 14. Ne5 Qd6 15.
Nxc4 Qxd4 16. Rd1 Nd3 17. Rxd3 Qc5 18. Be3 Qh5 19. Bd4 Ke7 20. Bxf6+ Kxf6 21.
Rd7 Qb5 22. e5+ Kg5 23. Qd2+ Kh5 24. Bf3# 1-0

[Event "24. Copenhagen Open  (Politiken Cup)"]
[Site "Copenhagen"]
[Date "2002.07.25"]
[Round "10"]
[White "Rusanov, Alex"]
[Black "Moller, Arne"]
[Result "0-1"]
[WhiteElo "1429"]
[BlackElo "1808"]
[PlyCount "98"]
[EventDate "2002.07.15"]
[EventType "swiss"]
[EventRounds "11"]
[EventCountry "DEN"]
[SourceDate "2004.01.01"]

1. e4 c6 2. d4 d5 3. exd5 cxd5 4. c4 Nc6 5. Nc3 e6 6. Nf3 Nf6 7. Bg5 Be7 8. Bd3
Nb4 9. c5 Nxd3+ 10. Qxd3 O-O 11. O-O a6 12. b4 Bd7 13. a4 Ne8 14. Bf4 b6 15.
Rfb1 f6 16. h3 g5 17. Bh2 Ng7 18. cxb6 Qxb6 19. b5 a5 20. Rc1 Rac8 21. Ne2 Nf5
22. Qd1 Bd6 23. Rxc8 Bxh2+ 24. Kxh2 Rxc8 25. Rc1 Nd6 26. Rxc8+ Nxc8 27. Qc2
Qd6+ 28. Kg1 Nb6 29. Qc5 Qxc5 30. dxc5 Nxa4 31. c6 Bc8 32. Nc3 Nb6 33. Nd2 Kf7
34. Nb3 a4 35. Nc5 a3 36. Kf1 d4 37. Na2 e5 38. Ke2 Be6 39. Nc1 a2 40. N5b3
Bc4+ 41. Kd2 Bxb5 42. Nxa2 Bxc6 43. g3 Bd5 44. Nac1 Bg2 45. h4 Nc4+ 46. Kd3
Bf1+ 47. Ke4 Nd6+ 48. Kd5 gxh4 49. Nd2 Bg2+ 0-1

[Event "24. Copenhagen Open  (Politiken Cup)"]
[Site "Copenhagen"]
[Date "2002.07.25"]
[Round "10"]
[White "Sandbech, Ted"]
[Black "Frank Nielsen, Marie"]
[Result "1/2-1/2"]
[WhiteElo "1516"]
[BlackElo "1544"]
[PlyCount "76"]
[EventDate "2002.07.15"]
[EventType "swiss"]
[EventRounds "11"]
[EventCountry "DEN"]
[SourceDate "2004.01.01"]

1. Nf3 Nf6 2. d4 e6 3. c4 b6 4. Nc3 Bb7 5. e3 d5 6. Bd2 Bd6 7. Be2 Nbd7 8. O-O
h5 9. Nb5 Nf8 10. Qa4 Bc6 11. cxd5 exd5 12. Rac1 Bxb5 13. Bxb5+ N8d7 14. Ne5 a6
15. Bxd7+ Nxd7 16. Qxd7+ Qxd7 17. Nxd7 Kxd7 18. Rc2 Rae8 19. Rfc1 a5 20. a3 Ra8
21. b4 axb4 22. Bxb4 Rhc8 23. g3 Ra4 24. Bxd6 Kxd6 25. Rc3 Ra7 26. Rc6+ Kd7 27.
R6c3 Rca8 28. Kg2 Rc8 29. h4 Kd6 30. Rc6+ Kd7 31. R1c3 Rxa3 32. Rxc7+ Rxc7 33.
Rxa3 b5 34. Rb3 Rb7 35. Kf3 b4 36. e4 dxe4+ 37. Kxe4 Kd6 38. f3 Rb5 1/2-1/2

[Event "24. Copenhagen Open  (Politiken Cup)"]
[Site "Copenhagen"]
[Date "2002.07.25"]
[Round "10"]
[White "Schmied, Andreas"]
[Black "Olsen, Miriam Frida"]
[Result "1-0"]
[WhiteElo "2134"]
[BlackElo "1894"]
[PlyCount "71"]
[EventDate "2002.07.15"]
[EventType "swiss"]
[EventRounds "11"]
[EventCountry "DEN"]
[SourceDate "2004.01.01"]

1. d4 f5 2. g3 Nf6 3. Bg2 g6 4. c4 Bg7 5. Nc3 O-O 6. Nf3 d6 7. O-O Qe8 8. d5 a5
9. Be3 Na6 10. Qd2 Ng4 11. Bd4 Ne5 12. b3 h6 13. Ne1 c5 14. dxc6 bxc6 15. f4
Ng4 16. Bxg7 Kxg7 17. Nd3 Bd7 18. Rae1 Nc7 19. e4 fxe4 20. Nxe4 Qf7 21. Re2 Ne6
22. Rfe1 Kh7 23. Ndc5 dxc5 24. Qxd7 Kg8 25. Nxc5 Nxc5 26. Qxg4 e6 27. Bxc6 Rad8
28. Bg2 Nd3 29. Rf1 Nc5 30. Re5 Rc8 31. Rd1 Kh7 32. Qe2 Rfe8 33. Bh3 Qa7 34.
Qe3 Rc6 35. Bg2 Rc7 36. Rd6 1-0

[Event "24. Copenhagen Open  (Politiken Cup)"]
[Site "Copenhagen"]
[Date "2002.07.25"]
[Round "10"]
[White "Simonsen, Olavur"]
[Black "Collins, Sam"]
[Result "0-1"]
[WhiteElo "2240"]
[BlackElo "2313"]
[PlyCount "94"]
[EventDate "2002.07.15"]
[EventType "swiss"]
[EventRounds "11"]
[EventCountry "DEN"]
[SourceDate "2004.01.01"]

1. e4 e6 2. d4 d5 3. Nd2 dxe4 4. Nxe4 Bd7 5. Bd3 Bc6 6. Nf3 Nd7 7. Qe2 Ngf6 8.
Bd2 Be7 9. O-O-O Bxe4 10. Bxe4 Nxe4 11. Qxe4 c6 12. Kb1 Qb6 13. c4 Nf6 14. Qe2
a5 15. Bg5 h6 16. Bxf6 Bxf6 17. Ne5 Rd8 18. d5 cxd5 19. cxd5 O-O 20. Nc4 Qa6
21. dxe6 fxe6 22. Rxd8 Rxd8 23. Re1 Rd4 24. b3 a4 25. Nb2 axb3 26. axb3 Qb6 27.
Qc2 Rd8 28. Re4 Qd6 29. h3 Qa3 30. Ra4 Qxb2+ 31. Qxb2 Bxb2 32. Kxb2 Rd2+ 33.
Kc3 Rxf2 34. Rg4 e5 35. Kc4 Kf7 36. Kd5 Kf6 37. Kd6 h5 38. Rg3 h4 39. Rd3 Rxg2
40. Rf3+ Kg6 41. Kxe5 Rg3 42. Rf4 Re3+ 43. Kd5 Rxh3 44. Rb4 Kf5 45. Rxb7 g5 46.
Rb8 Rd3+ 47. Kc4 Rd1 0-1

[Event "24. Copenhagen Open  (Politiken Cup)"]
[Site "Copenhagen"]
[Date "2002.07.25"]
[Round "10"]
[White "Skovgaard, Peter Nicolai"]
[Black "Draeger, Michael"]
[Result "1-0"]
[WhiteElo "1679"]
[BlackElo "1549"]
[PlyCount "67"]
[EventDate "2002.07.15"]
[EventType "swiss"]
[EventRounds "11"]
[EventCountry "DEN"]
[SourceDate "2004.01.01"]

1. e4 c5 2. Nc3 Nc6 3. f4 g6 4. Nf3 Bg7 5. Bc4 a6 6. a4 b6 7. d3 Bb7 8. O-O Nh6
9. Qe1 e6 10. f5 gxf5 11. Bg5 f6 12. Bd2 fxe4 13. Nxe4 Nf5 14. g4 d5 15. gxf5
dxc4 16. fxe6 Ne5 17. Nxe5 Qd4+ 18. Qf2 Bxe4 19. Qxd4 cxd4 20. dxe4 fxe5 21.
Rf7 Rg8 22. Kh1 Bf8 23. Raf1 Be7 24. Rxh7 a5 25. h4 Rc8 26. Bg5 Bc5 27. Rff7 d3
28. cxd3 cxd3 29. Rd7 d2 30. Bxd2 Rg1+ 31. Kh2 Rf1 32. Rdf7 Bg1+ 33. Kg2 Rxf7
34. exf7+ 1-0

[Event "24. Copenhagen Open  (Politiken Cup)"]
[Site "Copenhagen"]
[Date "2002.07.25"]
[Round "10"]
[White "Soraas, Torben"]
[Black "Leimand, Peter Martin"]
[Result "1/2-1/2"]
[WhiteElo "1776"]
[BlackElo "2003"]
[PlyCount "93"]
[EventDate "2002.07.15"]
[EventType "swiss"]
[EventRounds "11"]
[EventCountry "DEN"]
[SourceDate "2004.01.01"]

1. e4 c5 2. Nc3 Nc6 3. g3 g6 4. d3 Bg7 5. Be3 d6 6. Qd2 Rb8 7. Bg2 b5 8. Nge2
Nd4 9. O-O Nxe2+ 10. Qxe2 b4 11. Nd1 Be6 12. Qd2 h5 13. h3 Qc8 14. Kh2 Qa6 15.
f4 Nh6 16. d4 b3 17. cxb3 Bxb3 18. Nc3 Bc4 19. Rf2 Qa5 20. f5 gxf5 21. exf5 Rc8
22. f6 exf6 23. b3 cxd4 24. Bxd4 Be6 25. Qf4 Nf5 26. Ne4 Ke7 27. Raf1 Rhd8 28.
Bb2 d5 29. Bxf6+ Bxf6 30. Nxf6 Kxf6 31. g4 hxg4 32. hxg4 Rh8+ 33. Kg1 Qc7 34.
Qxc7 Rxc7 35. gxf5 Bd7 36. Bxd5 Bb5 37. Re1 Rcc8 38. Rg2 Bc6 39. Bxc6 Rxc6 40.
Rf1 Rh5 41. Rgf2 Rc5 42. Rd1 Rg5+ 43. Kh1 a5 44. Rd6+ Ke5 45. Rh6 Ke4 46. Rh4+
Ke5 47. f6 1/2-1/2

[Event "24. Copenhagen Open  (Politiken Cup)"]
[Site "Copenhagen"]
[Date "2002.07.25"]
[Round "10"]
[White "Svensson, Bengt"]
[Black "Kjartansson, Gudmundur"]
[Result "1-0"]
[WhiteElo "2398"]
[BlackElo "2105"]
[PlyCount "121"]
[EventDate "2002.07.15"]
[EventType "swiss"]
[EventRounds "11"]
[EventCountry "DEN"]
[SourceDate "2004.01.01"]

1. e4 c5 2. Nf3 d6 3. d4 cxd4 4. Nxd4 Nf6 5. Nc3 g6 6. Be3 Bg7 7. f3 O-O 8. Qd2
Nc6 9. O-O-O Nxd4 10. Bxd4 Be6 11. Kb1 Qc7 12. Nd5 Bxd5 13. exd5 Rfc8 14. Rc1
Qd7 15. g4 b5 16. g5 Nh5 17. Bxg7 Kxg7 18. h4 Rc5 19. Bh3 Qb7 20. Rcd1 a5 21.
Bg4 b4 22. f4 a4 23. Bxh5 gxh5 24. f5 b3 25. cxb3 axb3 26. a3 Qc8 27. f6+ exf6
28. gxf6+ Kh8 29. Qd3 Rxd5 30. Qxb3 Qf5+ 31. Ka1 Rxd1+ 32. Rxd1 Qxf6 33. Qb4
Rd8 34. Qc4 Qe6 35. Qc3+ f6 36. Re1 Qf7 37. Rf1 Kg7 38. Rg1+ Kh8 39. Rf1 Rf8
40. Qd4 Qe6 41. Rd1 Rd8 42. b4 Kg7 43. Kb2 Kf7 44. a4 Qe5 45. Kb3 Qxd4 46. Rxd4
d5 47. b5 Ke6 48. a5 Kd6 49. Kb4 f5 50. a6 Rb8 51. Rd1 Kc7 52. Rc1+ Kb6 53.
Rc6+ Ka7 54. Rc7+ Kb6 55. Rf7 f4 56. Rxf4 Rg8 57. Rf6+ Ka7 58. Rf7+ Kb8 59. a7+
Ka8 60. b6 Rd8 61. Kb5 1-0

[Event "24. Copenhagen Open  (Politiken Cup)"]
[Site "Copenhagen"]
[Date "2002.07.25"]
[Round "10"]
[White "Sylvan, Jacob"]
[Black "Peralta, Fernando"]
[Result "0-1"]
[WhiteElo "2259"]
[BlackElo "2478"]
[PlyCount "68"]
[EventDate "2002.07.15"]
[EventType "swiss"]
[EventRounds "11"]
[EventCountry "DEN"]
[SourceDate "2004.01.01"]

1. e4 d6 2. d4 Nf6 3. Nc3 g6 4. Be2 Bg7 5. g4 c6 6. g5 Nfd7 7. f4 b5 8. Be3 Bb7
9. Nf3 b4 10. Nb1 c5 11. Nbd2 cxd4 12. Bxd4 Bxd4 13. Nxd4 O-O 14. N4f3 Qb6 15.
Bd3 Qe3+ 16. Qe2 Qxf4 17. O-O-O Nc6 18. h4 Nce5 19. Kb1 Nxf3 20. Nxf3 d5 21.
Nd2 Rad8 22. Rdf1 Qg3 23. Rfg1 Qe5 24. h5 dxe4 25. Nxe4 Bxe4 26. Bxe4 Nc5 27.
Bf3 Qxe2 28. Bxe2 Rd2 29. Bc4 Rfd8 30. b3 Ne4 31. Bd3 Nc3+ 32. Kc1 Rf2 33. hxg6
hxg6 34. Rh3 Rxd3 0-1